Most Populous Islands - Sudden Death - Statistics

General Stats
  • This quiz has been taken 160 times
  • The average score is 6 of 17
Answers on the Grid
Answers color-coded by a green-red scale on the quiz's grid according to % correct below.
Long Island
Cuba
New Guinea
Singapore Island
Ireland
Hainan
Kyushu
Panay
Borneo
Hokkaido
Sicily
North Island
Taiwan
Java
Honshu
Luzon
Jamaica
Salsette
Mindanao
Cyprus
Great Britain
Sumatra
Shikoku
Celebes
Sri lanka
Hispaniola
Madagascar
Zealand
Oahu
Nantai
 
Answer Stats
Answer % Correct
Cuba
61%
Great Britain
57%
Taiwan
57%
Java
48%
Honshu
43%
Madagascar
43%
Sri lanka
41%
Hispaniola
39%
New Guinea
36%
Sumatra
34%
Luzon
32%
Borneo
30%
Mindanao
25%
Kyushu
16%
Salsette
9%
Celebes
7%
Hainan
5%
No matching quizzes found
Score Distribution
Percent of People with Each Score
Percentile by Number Answered
Your Score History
You have not taken this quiz